000
00305nam a22001337a 4500
020
_a
81-88697-18-4
082
_a
823
_b
DIC/G
100
_a
DICKENS,CHARLES
245
_a
GREAT WORKS OF CHARLES DICKENS
260
_a
DELHI
_b
BLACK ROSE PUBLICATIONS
300
_a
752
650
_a
NOVELS
_z
DELHI
942
_c
BK
999
_c
3596
_d
3596